000
00253nam a2200109 4500
008
160625b xxu||||| |||| 00| 0 eng d
100
_9
1204
_a
Michael, et al
245
_a
Tara
260
_a
N.Y
_b
Hawthorne Books
_c
1974
300
_a
Tara
942
_2
ddc
_c
BK
999
_c
980
_d
980